[Event "MCRE_SF05"]
[Site "?"]
[Date "2005.??.??"]
[Round "?"]
[White "Svrsek, Radomir"]
[Black "Splichal, Josef"]
[Result "1/2-1/2"]
[WhiteElo "2211"]
[BlackElo "2261"]
[PlyCount "62"]
[EventDate "2005.??.??"]
[EventType "corr"]
[EventRounds "2"]
[SourceDate "2007.01.10"]

1. e4 e5 2. Nf3 Nc6 3. Bb5 Nf6 4. O-O Nxe4 5. Re1 Nd6 6. Nxe5 Be7 7. Bd3 Nxe5
8. Rxe5 O-O 9. Qf3 Ne8 10. Bf5 c6 11. Re2 d5 12. Bxc8 Rxc8 13. d3 Nc7 14. Nd2
Bd6 15. Nb3 Qh4 16. g3 Qa4 17. Be3 Ne6 18. a3 b6 19. Bd2 Rce8 20. Rae1 Re7 21.
Qf5 Rfe8 22. h3 Qa6 23. Bc3 Qb7 24. Nd2 c5 25. Nf3 Nf8 26. Rxe7 Rxe7 27. Rxe7
Bxe7 28. Bd2 Ne6 29. c4 dxc4 30. dxc4 a6 31. a4 h6 1/2-1/2

[Event "MCRE_SF05"]
[Site "?"]
[Date "2005.??.??"]
[Round "?"]
[White "Postl, Rostislav"]
[Black "Thoma, Otomar"]
[Result "1/2-1/2"]
[WhiteElo "2284"]
[BlackElo "2261"]
[PlyCount "59"]
[EventDate "2005.??.??"]
[EventType "corr"]
[EventRounds "2"]
[SourceDate "2007.01.10"]

1. d4 Nf6 2. Nf3 d5 3. c4 e6 4. Nc3 Bb4 5. e3 O-O 6. Bd3 c5 7. O-O Nc6 8. a3
Bxc3 9. bxc3 Qc7 10. Bb2 dxc4 11. Bxc4 e5 12. Be2 Rd8 13. Qc2 Bg4 14. dxe5 Nxe5
15. c4 Nxf3+ 16. gxf3 Bh3 17. Bxf6 gxf6 18. Rfc1 Kh8 19. Kh1 Rg8 20. Rg1 Qe5
21. Rad1 Rxg1+ 22. Rxg1 Rg8 23. f4 Rxg1+ 24. Kxg1 Qa1+ 25. Qd1 Qxa3 26. Bg4
Bxg4 27. Qxg4 Qc1+ 28. Kg2 Qxc4 29. Qc8+ Kg7 30. Qg4+ 1/2-1/2

[Event "MCRE_SF05"]
[Site "?"]
[Date "2005.??.??"]
[Round "?"]
[White "Thoma, Otomar"]
[Black "Postl, Rostislav"]
[Result "1/2-1/2"]
[WhiteElo "2261"]
[BlackElo "2284"]
[PlyCount "52"]
[EventDate "2005.??.??"]
[EventType "corr"]
[EventRounds "2"]
[SourceDate "2007.01.10"]

1. e4 e5 2. Nf3 Nc6 3. Bb5 a6 4. Ba4 Nf6 5. O-O Be7 6. Re1 b5 7. Bb3 d6 8. c3
O-O 9. h3 Na5 10. Bc2 c5 11. d4 Qc7 12. Nbd2 cxd4 13. cxd4 Bb7 14. d5 Rac8 15.
Bd3 Nd7 16. Nf1 f5 17. exf5 Bxd5 18. Ng5 Bxg5 19. Bxg5 Bc6 20. Rc1 d5 21. Ne3
Qb7 22. Ng4 e4 23. Bd2 h5 24. Nh6+ gxh6 25. Bxa5 Rxf5 26. Rc3 b4 1/2-1/2

[Event "MCRE_SF05"]
[Site "?"]
[Date "2005.??.??"]
[Round "?"]
[White "Splichal, Josef"]
[Black "Svrsek, Radomir"]
[Result "1/2-1/2"]
[WhiteElo "2261"]
[BlackElo "2211"]
[PlyCount "74"]
[EventDate "2005.??.??"]
[EventType "corr"]
[EventRounds "2"]
[SourceDate "2007.01.10"]

1. e4 c6 2. d4 d5 3. e5 Bf5 4. Nf3 e6 5. Bd3 Bxd3 6. Qxd3 Ne7 7. O-O Nd7 8. Bg5
Qc7 9. Nc3 Nf5 10. Ne2 h6 11. Be3 c5 12. c3 c4 13. Qc2 Be7 14. Ng3 Nxg3 15.
fxg3 a5 16. Nd2 Qb6 17. Rf3 a4 18. Raf1 O-O 19. Nb1 Qd8 20. R3f2 Qe8 21. Bf4 f6
22. exf6 Rxf6 23. Re1 Qf7 24. Ref1 Qh5 25. Re1 b5 26. Rfe2 b4 27. Rxe6 Rxe6 28.
Rxe6 b3 29. axb3 axb3 30. Qc1 Bf8 31. Nd2 g5 32. Bc7 Qf7 33. Re2 Nc5 34. dxc5
Bxc5+ 35. Kh1 Qxc7 36. Nf3 Qb6 37. Qd1 Qd6 1/2-1/2

[Event "MCRE_SF05"]
[Site "?"]
[Date "2005.??.??"]
[Round "?"]
[White "Svrsek, Radomir"]
[Black "Bares, Jiri"]
[Result "0-1"]
[WhiteElo "2211"]
[BlackElo "2174"]
[PlyCount "46"]
[EventDate "2005.??.??"]
[EventType "corr"]
[EventRounds "2"]
[SourceDate "2007.01.10"]

1. d4 Nf6 2. c4 c5 3. Nf3 e6 4. Nc3 cxd4 5. Nxd4 Bb4 6. Ndb5 d5 7. cxd5 exd5 8.
Bf4 O-O 9. Nc7 d4 10. a3 Ba5 11. Nxa8 Nc6 12. Qc1 dxc3 13. b4 Nxb4 14. axb4
Bxb4 15. f3 Qe7 16. e4 c2+ 17. Ke2 Nxe4 18. fxe4 Qxe4+ 19. Qe3 Qc6 20. Qd3 Bg4+
21. Kf2 Qf6 22. Qc4 Bd6 23. g3 Rc8 0-1

[Event "MCRE_SF05"]
[Site "?"]
[Date "2005.??.??"]
[Round "?"]
[White "Postl, Rostislav"]
[Black "Bultman, Milan"]
[Result "1/2-1/2"]
[WhiteElo "2284"]
[BlackElo "2141"]
[PlyCount "42"]
[EventDate "2005.??.??"]
[EventType "corr"]
[EventRounds "2"]
[SourceDate "2007.01.10"]

1. d4 Nf6 2. c4 g6 3. Nc3 Bg7 4. e4 d6 5. Nf3 c5 6. Be2 cxd4 7. Nxd4 Nc6 8. Be3
O-O 9. O-O Bd7 10. Qd2 Ng4 11. Bxg4 Bxg4 12. f3 Be6 13. b3 Qa5 14. a3 Rac8 15.
f4 Bd7 16. f5 Rfe8 17. Nxc6 bxc6 18. Bd4 Bxd4+ 19. Qxd4 Qb6 20. Qxb6 axb6 21.
f6 Kf8 1/2-1/2

[Event "MCRE_SF05"]
[Site "?"]
[Date "2005.??.??"]
[Round "?"]
[White "Bultman, Milan"]
[Black "Postl, Rostislav"]
[Result "1/2-1/2"]
[WhiteElo "2141"]
[BlackElo "2284"]
[PlyCount "37"]
[EventDate "2005.??.??"]
[EventType "corr"]
[EventRounds "2"]
[SourceDate "2007.01.10"]

1. d4 d5 2. c4 dxc4 3. e3 Nf6 4. Bxc4 e6 5. Nf3 c5 6. O-O Nc6 7. Nc3 cxd4 8.
exd4 Be7 9. Be3 O-O 10. Ne5 Bd7 11. Re1 Be8 12. Qf3 Qa5 13. Bd3 Rd8 14. Rad1
Nxe5 15. dxe5 Bc6 16. Qg3 Nh5 17. Qg4 g6 18. Bh6 Rfe8 19. Be4 1/2-1/2

[Event "MCRE_SF05"]
[Site "?"]
[Date "2005.??.??"]
[Round "?"]
[White "Svrsek, Radomir"]
[Black "Thoma, Otomar"]
[Result "1-0"]
[WhiteElo "2211"]
[BlackElo "2272"]
[PlyCount "69"]
[EventDate "2005.??.??"]
[EventType "corr"]
[EventRounds "2"]
[SourceDate "2007.01.10"]

1. e4 e5 2. Nf3 Nc6 3. Bc4 Nf6 4. Ng5 d5 5. exd5 Na5 6. Bb5+ c6 7. dxc6 bxc6 8.
Qf3 h6 9. Ne4 Nd5 10. Be2 Be7 11. d3 O-O 12. O-O f5 13. Nec3 Be6 14. Qg3 f4 15.
Qf3 Rb8 16. b3 Nb7 17. Bb2 Nd6 18. Nxd5 Bxd5 19. Qg4 Rf5 20. Bf3 Rg5 21. Qh3
Qe8 22. Nd2 Bf6 23. Bxd5+ cxd5 24. Nf3 Rg6 25. Bxe5 Bxe5 26. Rae1 Nf7 27. d4
Ng5 28. Nxg5 Rxg5 29. Qf3 Rd8 30. Re2 Qh5 31. Qxh5 Rxh5 32. dxe5 Kf7 33. g3 Ke6
34. gxf4 Rg5+ 35. fxg5 1-0

[Event "MCRE_SF05"]
[Site "?"]
[Date "2005.??.??"]
[Round "?"]
[White "Thoma, Otomar"]
[Black "Svrsek, Radomir"]
[Result "1/2-1/2"]
[WhiteElo "2272"]
[BlackElo "2211"]
[PlyCount "65"]
[EventDate "2005.??.??"]
[EventType "corr"]
[EventRounds "2"]
[SourceDate "2007.01.10"]

1. e4 e5 2. Nf3 Nc6 3. Bb5 a6 4. Ba4 Nf6 5. O-O Nxe4 6. d4 b5 7. Bb3 d5 8. dxe5
Be6 9. Be3 Be7 10. c3 Qd7 11. Nbd2 f5 12. Nd4 Nxd4 13. cxd4 O-O 14. Rc1 c6 15.
Qe2 a5 16. a4 Rab8 17. f3 Nxd2 18. Qxd2 Bb4 19. Qf2 f4 20. Bd2 Be7 21. Bc3 Qa7
22. Kh1 Qb6 23. Bc2 Rbc8 24. axb5 cxb5 25. Bd3 a4 26. Bd2 Ra8 27. Rc2 Ra7 28.
Rfc1 Bd7 29. g3 fxg3 30. Qxg3 Qxd4 31. Rg1 Rf7 32. Bxh7+ Kxh7 33. Qg6+ 1/2-1/2

[Event "MCRE_SF05"]
[Site "?"]
[Date "2005.??.??"]
[Round "?"]
[White "Postl, Rostislav"]
[Black "Svrsek, Radomir"]
[Result "1-0"]
[WhiteElo "2284"]
[BlackElo "2211"]
[PlyCount "67"]
[EventDate "2005.??.??"]
[EventType "corr"]
[EventRounds "2"]
[SourceDate "2007.01.10"]

1. d4 Nf6 2. Nf3 d5 3. c4 e6 4. e3 Be7 5. Nc3 O-O 6. Bd3 dxc4 7. Bxc4 c5 8. O-O
cxd4 9. exd4 Nc6 10. Re1 Qb6 11. a3 Rd8 12. Be3 Na5 13. Bd3 Qxb2 14. Bd2 Qb3
15. Qe2 Qb6 16. Rab1 Qc7 17. Nb5 Qb6 18. Bf4 Nd5 19. Bg3 Qc6 20. Be4 Nc3 21.
Nxc3 Qxc3 22. Rec1 Qxa3 23. Ra1 Nb3 24. Rxa3 Nxc1 25. Bxh7+ Kxh7 26. Qc2+ Kg8
27. Ra1 Bd7 28. Qxc1 Rdc8 29. Qf4 a5 30. h4 a4 31. h5 Bc6 32. Ne5 Be8 33. h6
gxh6 34. Qxh6 1-0

[Event "MCRE_SF05"]
[Site "?"]
[Date "2005.??.??"]
[Round "?"]
[White "Svrsek, Radomir"]
[Black "Postl, Rostislav"]
[Result "0-1"]
[WhiteElo "2211"]
[BlackElo "2284"]
[PlyCount "80"]
[EventDate "2005.??.??"]
[EventType "corr"]
[EventRounds "2"]
[SourceDate "2007.01.10"]

1. e4 e5 2. Nf3 Nc6 3. Bc4 Bc5 4. d3 Nf6 5. O-O d6 6. c3 O-O 7. b4 Bb6 8. a4 a6
9. a5 Ba7 10. Bg5 h6 11. Be3 Nh5 12. Nbd2 Qf6 13. Kh1 Bg4 14. Qa4 Nd8 15. d4
Nf4 16. b5 Bd7 17. Qb4 axb5 18. Bxb5 c5 19. dxc5 Bxc5 20. Bxc5 dxc5 21. Qxc5
Rc8 22. Qb4 Nc6 23. Qb2 Bg4 24. g3 Rfd8 25. Ne1 Nh3 26. f3 Be6 27. Be2 Qg5 28.
Nc4 Nb8 29. Qb4 Na6 30. Qxb7 Rxc4 31. Qxa6 Rxc3 32. Ng2 Rd2 33. Rae1 Rcc2 34.
f4 exf4 35. gxf4 Qe7 36. Qa8+ Kh7 37. e5 Qc5 38. Qe4+ f5 39. exf6+ Bf5 40. Qf3
Rc3 0-1

[Event "MCRE_SF05"]
[Site "?"]
[Date "2005.??.??"]
[Round "?"]
[White "Bultman, Milan"]
[Black "Thoma, Otomar"]
[Result "1/2-1/2"]
[WhiteElo "2141"]
[BlackElo "2272"]
[PlyCount "38"]
[EventDate "2005.??.??"]
[EventType "corr"]
[EventRounds "2"]
[SourceDate "2007.01.10"]

1. e4 e5 2. Nf3 Nc6 3. Bb5 a6 4. Bxc6 dxc6 5. O-O Bg4 6. h3 Bh5 7. g4 Bg6 8.
Nxe5 Bd6 9. Nxg6 hxg6 10. Qf3 Qh4 11. d4 Qxh3 12. Nc3 O-O-O 13. e5 Rh4 14. Be3
f5 15. gxf5 gxf5 16. Ne2 g5 17. Ng3 f4 18. Nf5 Kd7 19. Ne7 Kxe7 1/2-1/2

[Event "MCRE_SF05"]
[Site "?"]
[Date "2005.??.??"]
[Round "?"]
[White "Thoma, Otomar"]
[Black "Bultman, Milan"]
[Result "1/2-1/2"]
[WhiteElo "2272"]
[BlackElo "2141"]
[PlyCount "50"]
[EventDate "2005.??.??"]
[EventType "corr"]
[EventRounds "2"]
[SourceDate "2007.01.10"]

1. e4 c5 2. Nf3 g6 3. d4 cxd4 4. Nxd4 Bg7 5. c4 Nc6 6. Be3 Nf6 7. Nc3 d6 8. Be2
O-O 9. O-O Re8 10. Rc1 Bd7 11. Qd2 Rc8 12. f3 Nxd4 13. Bxd4 Qa5 14. b3 Nh5 15.
Bxg7 Nxg7 16. f4 a6 17. Kh1 b5 18. Qb2 e6 19. b4 Qb6 20. f5 gxf5 21. exf5 Qd4
22. Rfd1 Qe5 23. fxe6 Rxe6 24. Rd5 Qe3 25. Rd3 Qe5 1/2-1/2

[Event "MCRE_SF05"]
[Site "?"]
[Date "2005.??.??"]
[Round "?"]
[White "Bares, Jiri"]
[Black "Postl, Rostislav"]
[Result "1/2-1/2"]
[WhiteElo "2174"]
[BlackElo "2284"]
[PlyCount "100"]
[EventDate "2005.??.??"]
[EventType "corr"]
[EventRounds "2"]
[SourceDate "2007.01.10"]

1. d4 d5 2. c4 e6 3. Nc3 Nf6 4. Nf3 Be7 5. Bg5 O-O 6. e3 h6 7. Bh4 b6 8. cxd5
Nxd5 9. Bxe7 Qxe7 10. Nxd5 exd5 11. Rc1 Be6 12. Bd3 c5 13. b3 Nd7 14. O-O Rac8
15. Re1 Bg4 16. h3 Bh5 17. dxc5 Bxf3 18. Qxf3 Ne5 19. Qxd5 Rcd8 20. Qe4 Rxd3
21. f4 bxc5 22. Qxe5 Qxe5 23. fxe5 Rfd8 24. Rxc5 Rd2 25. Rec1 Rxa2 26. Rc8 Rf8
27. b4 Re2 28. R1c3 a6 29. Kh2 Rxc8 30. Rxc8+ Kh7 31. Rc3 Kg6 32. Kg3 Rb2 33.
Rc6+ Kf5 34. Rc7 Ke6 35. Rb7 h5 36. Kf3 g6 37. Ke4 Rxg2 38. Rb6+ Ke7 39. Rxa6
Rh2 40. Kd5 Rd2+ 41. Kc5 Rc2+ 42. Kd4 Rd2+ 43. Kc4 Rh2 44. b5 g5 45. Ra7+ Ke6
46. b6 Rb2 47. b7 g4 48. hxg4 hxg4 49. Kc5 Kxe5 50. Kc6 g3 1/2-1/2

[Event "MCRE_SF05"]
[Site "?"]
[Date "2005.??.??"]
[Round "?"]
[White "Splichal, Josef"]
[Black "Kotrc, Michal"]
[Result "1-0"]
[WhiteElo "2261"]
[BlackElo "2131"]
[PlyCount "60"]
[EventDate "2005.??.??"]
[EventType "corr"]
[EventRounds "2"]
[SourceDate "2007.01.10"]

1. e4 c6 2. d4 d5 3. e5 Bf5 4. Nf3 e6 5. Bd3 Bxd3 6. Qxd3 Qb6 7. O-O c5 8. c4
Qa6 9. Na3 dxc4 10. Nxc4 b5 11. Ng5 Qc6 12. Na5 c4 13. Qc2 Qd5 14. b3 Nc6 15.
bxc4 bxc4 16. Nxc6 Qxc6 17. d5 exd5 18. e6 fxe6 19. Re1 O-O-O 20. Bf4 Nh6 21.
Nxe6 Bd6 22. Nxd8 Rxd8 23. Bxd6 Qxd6 24. Rab1 Nf7 25. Qa4 Rd7 26. Re8+ Nd8 27.
Qa5 c3 28. Qxc3+ Rc7 29. Qb3 Kd7 30. Rg8 Ne6 {(Cerny prekrocil cas)} 1-0

[Event "MCRE_SF05"]
[Site "?"]
[Date "2005.??.??"]
[Round "?"]
[White "Postl, Rostislav"]
[Black "Bares, Jiri"]
[Result "0-1"]
[WhiteElo "2284"]
[BlackElo "2174"]
[PlyCount "102"]
[EventDate "2005.??.??"]
[EventType "corr"]
[EventRounds "2"]
[SourceDate "2007.01.10"]

1. d4 Nf6 2. Nf3 d5 3. c4 e6 4. Nc3 c6 5. e3 Nbd7 6. Bd3 dxc4 7. Bxc4 b5 8. Bd3
Bb7 9. O-O a6 10. e4 c5 11. d5 c4 12. dxe6 fxe6 13. Bc2 Qc7 14. Ng5 Nc5 15. Qf3
Bd6 16. Qh3 O-O-O 17. f4 h6 18. Nxe6 Nxe6 19. Qxe6+ Kb8 20. Qh3 b4 21. Na4 Nxe4
22. Be3 Nc5 23. f5 Rhe8 24. Kh1 Rxe3 25. Qxe3 Qc6 26. Qe2 Nxa4 27. Bxa4 Qxa4
28. Qxc4 Bc7 29. Rac1 Qa5 30. Rfe1 Rd7 31. Qf1 Rd2 32. Re8+ Ka7 33. Re7 Bd8 34.
Rxg7 Qe5 35. Qg1+ Bb6 36. Qe1 Qd5 37. Rxb7+ Kxb7 38. Qe7+ Kb8 39. Qf8+ Qd8 40.
Qxd8+ Bxd8 41. b3 Rxa2 42. g3 Rf2 43. g4 a5 44. Ra1 Bc7 45. Kg1 Rf4 46. h3 h5
47. gxh5 Rxf5 48. Kg2 Rxh5 49. Rh1 Rg5+ 50. Kf2 Rg3 51. Rb1 Rxh3 0-1

[Event "MCRE_SF05"]
[Site "?"]
[Date "2005.??.??"]
[Round "?"]
[White "Majstr, Jiri"]
[Black "Splichal, Josef"]
[Result "0-1"]
[WhiteElo "2010"]
[BlackElo "2261"]
[PlyCount "88"]
[EventDate "2005.??.??"]
[EventType "corr"]
[EventRounds "2"]
[SourceDate "2007.01.10"]

1. e4 e5 2. Nf3 Nc6 3. Bb5 Nf6 4. O-O Nxe4 5. d4 Nd6 6. Bxc6 dxc6 7. dxe5 Nf5
8. Qxd8+ Kxd8 9. Nc3 Bd7 10. h3 h6 11. Bf4 Kc8 12. Rfd1 Be6 13. g4 Ne7 14. Nd4
Bd7 15. Ne4 b6 16. Rd2 c5 17. Ne2 Bc6 18. N2c3 Kb7 19. Rad1 g5 20. Bg3 Bg7 21.
Nf6 Bf3 22. Re1 Rhd8 23. Rxd8 Rxd8 24. Kf1 Nc6 25. Re3 Nd4 26. Nh5 Bh8 27. Nf6
Kc8 28. Rd3 Bg7 29. Nh5 Bf8 30. Nf6 Be7 31. a3 b5 32. Rd2 b4 33. axb4 cxb4 34.
Ncd5 Bxd5 35. Nxd5 Rxd5 36. c3 bxc3 37. bxc3 c5 38. cxd4 a5 39. Ke2 Rxd4 40.
Rxd4 cxd4 41. Kd3 Bc5 42. f3 Kd7 43. Kc4 a4 44. Be1 a3 0-1

[Event "MCRE_SF05"]
[Site "?"]
[Date "2005.??.??"]
[Round "?"]
[White "Postl, Rostislav"]
[Black "Majstr, Jiri"]
[Result "1-0"]
[WhiteElo "2284"]
[BlackElo "2010"]
[PlyCount "77"]
[EventDate "2005.??.??"]
[EventType "corr"]
[EventRounds "2"]
[SourceDate "2007.01.10"]

1. d4 Nf6 2. c4 g6 3. Nc3 Bg7 4. e4 d6 5. Nf3 O-O 6. Be2 e5 7. O-O Nc6 8. d5
Ne7 9. Bg5 h6 10. Be3 Ng4 11. Bd2 f5 12. Nh4 Nf6 13. exf5 Bxf5 14. Nxf5 Nxf5
15. Bd3 c6 16. Re1 cxd5 17. Nxd5 Nxd5 18. cxd5 Qb6 19. Re4 Qc7 20. Rc1 Qf7 21.
Rec4 Qxd5 22. Be4 Qf7 23. Rc7 Ne7 24. Be1 d5 25. Bxg6 Qf6 26. Bh5 Rab8 27. Bb4
Qxf2+ 28. Kh1 Rbc8 29. Rxc8 Rxc8 30. Bxe7 Rxc1 31. Qxc1 e4 32. h3 Kh7 33. Bd6
Qxb2 34. Qc7 e3 35. Bg4 Qf6 36. Qd7 h5 37. Bf5+ Kg8 38. Bg3 h4 39. Qxd5+ 1-0

[Event "MCRE_SF05"]
[Site "?"]
[Date "2005.??.??"]
[Round "?"]
[White "Majstr, Jiri"]
[Black "Postl, Rostislav"]
[Result "0-1"]
[WhiteElo "2010"]
[BlackElo "2284"]
[PlyCount "70"]
[EventDate "2005.??.??"]
[EventType "corr"]
[EventRounds "2"]
[SourceDate "2007.01.10"]

1. e4 e5 2. f4 exf4 3. Nf3 g5 4. Bc4 g4 5. Ne5 Qh4+ 6. Kf1 Nh6 7. d4 f3 8. Bf4
d6 9. Nd3 Nc6 10. c3 Bd7 11. Bg3 Qg5 12. gxf3 gxf3 13. Qxf3 Na5 14. Bb3 O-O-O
15. Nf4 f5 16. Nd2 Re8 17. Kg2 Nxb3 18. axb3 a6 19. Rhe1 Rg8 20. Kh1 Ng4 21.
exf5 Rxe1+ 22. Rxe1 Bh6 23. c4 Kb8 24. d5 Ne5 25. Qc3 Qxf5 26. Rf1 Ng6 27. Nxg6
Qxg6 28. Rf6 Qh5 29. Rf2 Re8 30. Nf1 Bh3 31. Qd3 Qg4 32. c5 Re1 33. cxd6 cxd6
34. Bxd6+ Ka8 35. Bg3 Qd1 0-1

[Event "MCRE_SF05"]
[Site "?"]
[Date "2005.??.??"]
[Round "?"]
[White "Majstr, Jiri"]
[Black "Bultman, Milan"]
[Result "1/2-1/2"]
[WhiteElo "2010"]
[BlackElo "2141"]
[PlyCount "52"]
[EventDate "2005.??.??"]
[EventType "corr"]
[EventRounds "2"]
[SourceDate "2007.01.10"]

1. d4 Nf6 2. c4 g6 3. Nc3 Bg7 4. e4 d6 5. Nf3 c5 6. d5 Qb6 7. Be2 O-O 8. O-O
Re8 9. Re1 Ng4 10. Ng5 Nf6 11. f4 h6 12. Nf3 Bg4 13. Nh4 Bxe2 14. Qxe2 Nfd7 15.
Nf3 Na6 16. e5 e6 17. b3 Nc7 18. Bb2 exd5 19. Nxd5 Nxd5 20. cxd5 dxe5 21. fxe5
Nxe5 22. Nxe5 f6 23. Qc4 fxe5 24. Ba3 Rec8 25. Rac1 Qc7 26. Bxc5 b6 1/2-1/2

[Event "MCRE_SF05"]
[Site "?"]
[Date "2005.??.??"]
[Round "?"]
[White "Bultman, Milan"]
[Black "Majstr, Jiri"]
[Result "1-0"]
[WhiteElo "2141"]
[BlackElo "2010"]
[PlyCount "57"]
[EventDate "2005.??.??"]
[EventType "corr"]
[EventRounds "2"]
[SourceDate "2007.01.10"]

1. e4 e6 2. d4 d5 3. Nd2 c5 4. exd5 Qxd5 5. dxc5 Bxc5 6. Ngf3 Nf6 7. Bc4 Qc6 8.
Qe2 Nbd7 9. Nb3 Bd6 10. Nbd4 Qb6 11. O-O O-O 12. Be3 Bc5 13. a4 a5 14. Rad1 Nd5
15. Bxd5 exd5 16. Nf5 Qxb2 17. Rxd5 Bxe3 18. Ne7+ Kh8 19. fxe3 Nf6 20. Ng5 Nxd5
21. Qh5 Bf5 22. Nxf5 Nf6 23. Nxf7+ Rxf7 24. Qxf7 Rg8 25. h3 Qc3 26. Qe7 b6 27.
Nd6 h6 28. Kh2 Qc5 29. Rf5 1-0

[Event "MCRE_SF05"]
[Site "?"]
[Date "2005.??.??"]
[Round "?"]
[White "Kotrc, Michal"]
[Black "Splichal, Josef"]
[Result "1-0"]
[WhiteElo "2131"]
[BlackElo "2261"]
[PlyCount "77"]
[EventDate "2005.??.??"]
[EventType "corr"]
[EventRounds "2"]
[SourceDate "2007.01.10"]

1. e4 e5 2. Nf3 Nc6 3. Bb5 Nf6 4. O-O Nxe4 5. d4 Nd6 6. Bxc6 dxc6 7. dxe5 Nf5
8. Qxd8+ Kxd8 9. Nc3 h6 10. h3 Be6 11. g4 Ne7 12. Nd4 Bd7 13. Bf4 h5 14. f3 Kc8
15. Ne4 hxg4 16. fxg4 Ng6 17. Bg3 c5 18. Nf3 Bb5 19. Rf2 Rxh3 20. Nfg5 Rh8 21.
Rxf7 Be8 22. e6 Bxf7 23. Nxf7 Rg8 24. Rd1 b6 25. c4 Be7 26. Rd7 Kb7 27. Nc3
Rge8 28. Rxc7+ Ka6 29. Nd5 Ka5 30. b3 Nf8 31. Nxe7 Nxe6 32. Nc6+ Ka6 33. Rd7
Nd4 34. Ne7 Ka5 35. Nd5 Re4 36. g5 Ne6 37. Nd6 Rg4 38. Kg2 Rd4 39. g6 1-0

[Event "MCRE_SF05"]
[Site "?"]
[Date "2005.??.??"]
[Round "?"]
[White "Thoma, Otomar"]
[Black "Splichal, Josef"]
[Result "0-1"]
[WhiteElo "2272"]
[BlackElo "2261"]
[PlyCount "106"]
[EventDate "2005.??.??"]
[EventType "corr"]
[EventRounds "2"]
[SourceDate "2007.01.10"]

1. e4 e5 2. Nf3 Nc6 3. Bb5 Nf6 4. d3 d6 5. O-O Be7 6. Nc3 O-O 7. h3 a6 8. Ba4
b5 9. Bb3 Na5 10. Be3 c6 11. Ne2 c5 12. c3 Nxb3 13. axb3 Nh5 14. d4 exd4 15.
cxd4 Bb7 16. Qd3 f5 17. exf5 Qc8 18. dxc5 dxc5 19. Ne5 Rxf5 20. f4 Bf6 21. Rac1
Nxf4 22. Nxf4 Rxe5 23. Bd4 Rf5 24. Bxf6 Rxf6 25. Qe3 Rf5 26. g4 Rf6 27. Rxc5
Qd7 28. Qe5 Bc6 29. Qe3 Raf8 30. Re5 R6f7 31. g5 Ba8 32. Kh2 a5 33. Kg3 Bc6 34.
Kh2 Qc7 35. Rf2 Bb7 36. Kg3 Qd7 37. Rd2 Qc6 38. Rf2 Qc7 39. Rxb5 Qd7 40. Re5
Qd1 41. Rd2 Qf1 42. Rd4 Bc6 43. b4 axb4 44. Rxb4 Bd7 45. Ree4 h6 46. g6 Rf6 47.
Kh4 Kh8 48. b3 Rf5 49. Rbc4 Bb5 50. Rb4 Bc6 51. Rec4 Bh1 52. Ra4 Re5 53. Rc1
Qb5 0-1

[Event "MCRE_SF05"]
[Site "?"]
[Date "2005.??.??"]
[Round "?"]
[White "Splichal, Josef"]
[Black "Thoma, Otomar"]
[Result "0-1"]
[WhiteElo "2261"]
[BlackElo "2272"]
[PlyCount "110"]
[EventDate "2005.??.??"]
[EventType "corr"]
[EventRounds "2"]
[SourceDate "2007.01.10"]

1. e4 c5 2. c3 e5 3. Nf3 Nc6 4. Bc4 Nf6 5. Ng5 d5 6. exd5 Nxd5 7. Qh5 g6 8. Qf3
Be6 9. d3 Be7 10. Nxe6 fxe6 11. O-O Qd7 12. Nd2 O-O-O 13. Ne4 Kb8 14. Bh6 Rhg8
15. Be3 Rgf8 16. Qg3 Nf4 17. Rae1 b6 18. Ba6 Rf5 19. Kh1 g5 20. a3 h5 21. b4
cxb4 22. axb4 g4 23. Bc1 Rg8 24. Qe3 h4 25. Qd2 Nd8 26. Rd1 Nf7 27. Qa2 Nd6 28.
Nc5 bxc5 29. bxc5 Nxg2 30. cxd6 Bd8 31. Qc4 Nf4 32. Be3 Bb6 33. Rg1 Rfg5 34.
Rb1 Qxd6 35. Bxb6 axb6 36. Rb2 Nd5 37. Qe4 Qc7 38. Rgb1 g3 39. f3 gxh2 40. Kxh2
h3 41. Bc4 R8g6 42. Bxd5 exd5 43. Qh4 e4+ 44. f4 Rg2+ 45. Rxg2 hxg2 46. Kg1
exd3 47. f5 Rg7 48. Qd4 Rh7 49. Kf2 d2 50. f6 Kc8 51. Qg4+ Kb7 52. Qf3 Qe5 53.
Kxg2 Qh2+ 54. Kf1 Qh1+ 55. Qxh1 Rxh1+ 0-1

[Event "MCRE_SF05"]
[Site "?"]
[Date "2005.??.??"]
[Round "?"]
[White "Bares, Jiri"]
[Black "Majstr, Jiri"]
[Result "1-0"]
[WhiteElo "2174"]
[BlackElo "2010"]
[PlyCount "85"]
[EventDate "2005.??.??"]
[EventType "corr"]
[EventRounds "2"]
[SourceDate "2007.01.10"]

1. d4 d5 2. c4 c6 3. cxd5 cxd5 4. Nc3 Nc6 5. Nf3 Nf6 6. Bf4 a6 7. e3 Bg4 8. Bd3
e6 9. h3 Bxf3 10. Qxf3 Bd6 11. O-O O-O 12. Rac1 Bxf4 13. Qxf4 Qb6 14. b3 Qa5
15. Na4 Rac8 16. Rc5 Qd2 17. Bb1 Nb4 18. Rxc8 Rxc8 19. Qd6 Nc6 20. Nc5 Qb4 21.
Bd3 Qd2 22. g4 h6 23. Bg6 Re8 24. Bb1 Nd8 25. Qc7 Qe2 26. Kg2 Nh7 27. Bxh7+
Kxh7 28. a4 h5 29. Qe5 Rh8 30. Qg5 Qc2 31. Qxh5+ Kg8 32. Qe5 b6 33. Nd7 Qc6 34.
Nb8 Qc8 35. b4 Kh7 36. b5 axb5 37. axb5 Qc4 38. Nd7 Qxb5 39. Qd6 Re8 40. Rc1
Nb7 41. Qc7 Nd8 42. Ne5 Rf8 43. Ra1 1-0

[Event "MCRE_SF05"]
[Site "?"]
[Date "2005.??.??"]
[Round "?"]
[White "Kotrc, Michal"]
[Black "Svrsek, Radomir"]
[Result "1/2-1/2"]
[WhiteElo "2131"]
[BlackElo "2211"]
[PlyCount "63"]
[EventDate "2005.??.??"]
[EventType "corr"]
[EventRounds "2"]
[SourceDate "2007.01.10"]

1. e4 e5 2. Nf3 Nc6 3. Bb5 a6 4. Ba4 Nf6 5. O-O Nxe4 6. d4 b5 7. Bb3 d5 8. dxe5
Be6 9. Qe2 Be7 10. Rd1 O-O 11. c3 Qd7 12. Be3 f5 13. exf6 Nxf6 14. Nbd2 Bd6 15.
a4 Na5 16. axb5 axb5 17. Bc2 Nc4 18. Nxc4 bxc4 19. Rxa8 Rxa8 20. Bd4 Re8 21.
Bxf6 gxf6 22. Nd4 Bg4 23. Ba4 Bxe2 24. Bxd7 Re7 25. Nxe2 Rxd7 26. Kf1 Bc5 27.
Nc1 Be7 28. Ne2 Kf7 29. Nd4 Bc5 30. b4 Bxd4 31. Rxd4 c6 32. Rh4 1/2-1/2

[Event "MCRE_SF05"]
[Site "?"]
[Date "2005.??.??"]
[Round "?"]
[White "Splichal, Josef"]
[Black "Majstr, Jiri"]
[Result "1/2-1/2"]
[WhiteElo "2281"]
[BlackElo "2010"]
[PlyCount "111"]
[EventDate "2005.??.??"]
[EventType "corr"]
[EventRounds "2"]
[SourceDate "2007.01.10"]

1. e4 e6 2. Nf3 d5 3. exd5 exd5 4. d4 Nf6 5. Bd3 Bd6 6. O-O O-O 7. Bg5 Bg4 8.
Nbd2 Nbd7 9. c4 dxc4 10. Nxc4 Nb6 11. Nce5 Be6 12. Qc2 h6 13. Bh4 Nbd5 14. Bh7+
Kh8 15. Bf5 Bxf5 16. Qxf5 c6 17. Rae1 Qc8 18. Qc2 Qc7 19. Nc4 Rae8 20. Qb3 Rxe1
21. Rxe1 Bb4 22. Re2 Re8 23. Nfe5 Kg8 24. a3 Bf8 25. Qf3 c5 26. Bxf6 Nxf6 27.
Ng4 Rxe2 28. Nxf6+ gxf6 29. Qxe2 cxd4 30. Qg4+ Bg7 31. Qxd4 f5 32. Qd5 Bxb2 33.
Nxb2 Qc3 34. g3 Qxb2 35. Qxf5 Qc1+ 36. Kg2 a6 37. Qg4+ Kf8 38. Qb4+ Kg7 39. h4
Qc6+ 40. f3 Qc2+ 41. Kf1 b5 42. g4 Qc6 43. Ke2 Qf6 44. h5 Qe6+ 45. Kd3 f5 46.
Qd4+ Kg8 47. Qd8+ Kf7 48. Qc7+ Qe7 49. Qxe7+ Kxe7 50. Kd4 fxg4 51. fxg4 a5 52.
Kc5 b4 53. axb4 axb4 54. Kxb4 Kf6 55. Kc3 Kg5 56. Kd4 1/2-1/2